000 00754nam a2200205Ii 4500
003 JO-AjNU
008 230605s9999||||xx |||||||||||||| ||und||
040 _aJO-AjNU
_bara
_erda
_cJO-AjNU
041 _aara
050 1 4 _aKMJ4675.N3222.1984
100 3 _aالنداوي ، آدم وهيب,
_eauthor
_946584
245 0 0 _aشرح قانون الأثبات " دراسة تأصيلية تطبيقية مقارنة "
250 _aط1
264 3 1 _aبغداد : جامعة بغداد ، 1984
300 _a156ص
_bيشتمل على مراجع ببلوغرافية ص ( 246-251 )
336 _atext
_btxt
_2rdacontent
337 _aunmediated
_bn
_2rdamedia
338 _avolume
_bnc
_2rdacarrier
650 4 _aقانون الثبات -- العراق
_946585
999 _aA20277
_c23845
_d23845